|
|
|
|
| LEADER |
00000nam a22000007a 4500 |
| 008 |
190208b2006 cr a|||| |||| 00| 0 spa d |
| 999 |
|
|
|c 3641
|d 3641
|
| 090 |
|
|
|a Tesis # 41
|
| 100 |
|
|
|9 4451
|a Benavides Garro, Julio
|
| 245 |
1 |
0 |
|a Programa para el mejoramiento de la calidad de la educación y vida en comunidades de atención prioritaria: Caso Pérez Zeledón /
|c Julio Benavides Garro, Susana Benavides Garro, Kattia Campos Cordero, Shirley González Delgado, Juan José Salazar Mesén
|
| 260 |
|
|
|a [San José, Costa Rica] :
|c 2006
|
| 300 |
|
|
|a 237 hojas
|
| 502 |
|
|
|a Memoria (Licenciatura en Trabajo Social) Convenio Universidad de Costa Rica-Universidad Nacional. Facultad de Ciencias Sociales. Escuela de Trabajo Social
|
| 650 |
1 |
4 |
|9 11
|a CALIDAD DE LA EDUCACIÓN
|
| 650 |
1 |
4 |
|9 519
|a COMUNIDADES
|
| 650 |
1 |
4 |
|9 2251
|a POLITICA SOCIAL
|
| 651 |
|
4 |
|9 4452
|a PÉREZ ZELEDÓN (SAN JOSÉ, COSTA RICA)
|
| 700 |
|
|
|9 4453
|a Benavides Garro, Susana
|
| 700 |
|
|
|9 4454
|a Campos Cordero, Kattia
|
| 700 |
|
|
|9 4455
|a González Delgado, Shirley
|
| 700 |
|
|
|9 4456
|a Salazar Mesén, Juan José
|
| 942 |
|
|
|i 002971
|h Tesis # 41
|2 z
|c 02
|